[Event "Teheran Paytakht Cup 1st"]
[Site "Teheran"]
[Date "2016.10.31"]
[Round "8"]
[White "Fier, Alexandr"]
[Black "Rasulov, Vugar Ural Oglu"]
[Result "1-0"]
[WhiteElo "2614"]
[BlackElo "2501"]
[Annotator "Fier,A"]
[PlyCount "91"]
[EventDate "2016.10.25"]
[EventType "swiss"]
[EventRounds "9"]
[EventCountry "IRI"]
[SourceTitle "CBM 176"]
[Source "ChessBase"]
[SourceDate "2017.01.17"]
[SourceVersion "1"]
[SourceVersionDate "2017.01.17"]
[SourceQuality "1"]

1. d4 Nf6 2. c4 e6 3. Nc3 Bb4 4. e3 O-O 5. Nge2 d5 6. a3 Bd6 7. Ng3 {I have
been playing this line since some time in 2014 and with a decent success rate.}
b6 (7... c5 {was the most popular move, but I'm happy to enter this line} 8.
dxc5 Bxc5 9. b4 Be7 10. cxd5 exd5 11. Bd3 Nc6 12. Nce2 {and White is in time
to stop d5-d4. With both bishops pointing to the kingside, I think White has
good attacking potential} a5 13. b5 Ne5 14. Bb2 Nc4 15. Bc3 Be6 {Fier,A (2612)
-Kveinys,A (2507) Cappelle op 31st 2015 (5) 1-0 was} (15... Bg4 16. h3 {
Fier,A (2570)-Parligras,M (2574) Tromso ol (Men) 41st 2014 (11.2) 1/2 also
looks comfortable for White and it was played when I first entered this line})
(15... a4 16. O-O {Fier,A (2592)-Eggleston,D (2416) Hampstead op 2014 (7) 1-0})
) (7... c6 {is played from time to time, trying to enter into a Merano-type
position} 8. Be2 Nbd7 9. O-O dxc4 10. Bxc4 e5 11. Ba2 Nb6 12. dxe5 Bxe5 13. Qc2
{Fier,A (2601)-Georgiev,K (2623) Skopje Karposh op 2015 (9) 1/2 and White
tries to use the kingside majority.}) 8. Be2 Bb7 {A new try.} (8... Ba6 9. b3 {
is solid, just trying to keep the pieces on the board} (9. e4 {is more forcing,
but Black is active enough to fight against it} Nxe4 10. Ngxe4 dxe4 11. Nxe4
Nc6 12. Be3 f5 13. Nxd6 Qxd6 {Fier,A (2601)-Eljanov,P (2727) Reykjavik op 2015
(7) 0-1 with a sharp middlegame in}) 9... Nbd7 10. O-O c5 11. dxc5 Bxg3 12.
hxg3 Nxc5 {Fier,A (2609)-Bellia,F (2441) Forni di Sopra op 7th 2016 (3) 1-0
and Black does not have big problems, but it's a position where White hopes to
use the bishop pair at some point}) 9. cxd5 exd5 10. Nf5 Re8 11. Nxd6 Qxd6 12.
b4 a6 13. O-O Nbd7 14. Rb1 b5 15. Bf3 $6 {Completely overlooking my opponent's
idea.} (15. a4 {was natural and good} c6 16. a5 {[%cal Rd7b6,Rb6c4] avoiding
the knight manoeuvre} Ne4 17. Qc2 Ndf6 18. f3 Nxc3 19. Qxc3 {and White has a
pleasant advantage.}) 15... Nb6 {Now White does not have a hint of an
advantage.} 16. a4 Ne4 {Not the only way to proceed, but a forcing one.} (16...
bxa4 17. Nxa4 Nxa4 18. Qxa4 Bc6 19. Qc2 Bb5 20. Rd1 Ne4 {Black's activity
compensates for the weak pawns.}) (16... c6 17. a5 Nc4 18. Ne2 {[%cal Ge2f4,
Gf4d3,Gd3c5] to bring the knight to c5 was my idea, but it's much better when
Black's knight is not on c4.}) 17. Bxe4 dxe4 18. axb5 Nd5 19. Nxd5 Bxd5 20.
bxa6 Rxa6 {Now is a good moment to evaluate the position. White is a pawn up,
but has a bishop without much prospect (actually it was the main piece in the
endgame, but for the moment it has nowhere to go) and it's not easy to find a
good plan. Black on the other hand has an easy path to attack White's king. So
the position is dynamically balanced.} 21. Bd2 Qd7 (21... Bc4 {was also
possible, but it's not so clear if the bishop is better on d3 or d5.} 22. Re1
Rea8 23. Rc1 Bd3 24. Qg4) 22. Rc1 Rg6 23. Kh1 (23. Qh5 {is the computer
suggestion, but I was not sure if the queen samba was leading to anything
concrete} Rh6 24. Qg5 Rg6 25. Qh4 Rh6 26. Qf4 c6 27. Rc5 Rf6 28. Qg5 Rg6 29.
Qh5) 23... c6 24. Qe2 h6 $2 {I felt safe after this move since Black has no
way to attack on h-file anymore.} (24... f5 $1 {was the right plan, and my
opponent played it one move later, when it does not have the same power any
more} 25. Rg1 f4 26. exf4 e3 27. Bxe3 Qh3 $1 {it's a brutal way to go, but it
works just fine} 28. f3 Rxg2 29. Rxg2 Bxf3 30. Qb2 Rxe3 31. d5 Qxg2+ 32. Qxg2
Bxd5 33. Kg1 Bxg2 34. Kxg2 Re4 35. Rxc6 Rxb4 {with dead draw.}) (24... Rh6 25.
Rc5 Qd6 26. h3 {looks fine for White but it's always scary to move one of the
kingside pawns.} Be6 27. Rh5 $14) 25. Rc5 f5 26. Rg1 (26. Ra1 {is not good
with the rook on e8} f4 27. exf4 e3 28. Rxd5 Qxd5 29. fxe3 Qxd4 $17) 26... Rb8
27. Ra1 {Provocative but sound.} f4 $5 {Sharpening the position, otherwise it
was not clear how Black could continue the attack.} 28. exf4 e3 29. Rxd5 Qxd5 (
29... cxd5 {was more natural, and now White has to play precisely} 30. Qxe3 $1
(30. fxe3 {is not good, Black has a good block and the c-file for the rooks}
Qf5 31. h3 Rc6 $15) 30... Re6 (30... Qf5 31. h3 Re6 32. Qb3 $16) 31. Qf3 Rbe8
32. h3 {and even if the b-pawn falls, White's position has potential.}) 30.
fxe3 {It looks like the position should be close to winning for White, but
things are not that clear.} Re8 31. Qf2 Qe4 32. h3 Rf6 33. Ra5 {Avoiding ...g5
ideas.} Rf5 34. Kh2 Rxa5 35. bxa5 Qc2 36. Qe1 Rb8 37. Bb4 {White has to
activate the bishop at any cost.} Qd3 38. Bd6 (38. d5 $5 Qxd5 39. Bc3 Rb7 40.
Qa1 {was also interesting, with some pressure.}) 38... Rb3 $2 {Now White's
pieces finally enter into the game.} (38... Rb1 39. Qg3 Qf1 40. Qg6 (40. Qf3
Qh1+ 41. Kg3 Qe1+ 42. Kg4 Rb3 $1 43. Qxc6 Rxe3 44. Qd5+ Kh7 45. Qf5+ Kg8 $11)
40... Qg1+ 41. Kg3 Qxe3+ 42. Kh4 Rb5 {looks dangerous, but the computer is not
scared, giving the usual 0.00.}) 39. Qg3 Qxe3 40. Qg6 Qd3 (40... Rb7 {is also
insufficient} 41. Be5 Qb3 42. Qe8+ Kh7 43. a6 Ra7 44. f5 $18 {[%cal Gf5f6,
Ge8g6]}) 41. f5 Rb7 42. Be5 Qc4 43. f6 Qe6 44. a6 Rf7 45. Qb1 $1 {And after
all, White wins on the queenside.} gxf6 46. a7 1-0

[Event "EU-ch 4th"]
[Site "Istanbul"]
[Date "2003.06.12"]
[Round "12"]
[White "Malakhov, Vladimir"]
[Black "Nielsen, Peter Heine"]
[Result "1-0"]
[WhiteElo "2672"]
[BlackElo "2625"]
[Annotator "Ftacnik,L"]
[PlyCount "51"]
[EventDate "2003.05.30"]
[EventType "swiss"]
[EventRounds "13"]
[EventCountry "TUR"]
[SourceTitle "CBM 096"]
[Source "ChessBase"]
[SourceDate "2003.09.25"]
[SourceVersion "1"]
[SourceVersionDate "2003.09.25"]
[SourceQuality "1"]

1. d4 Nf6 2. c4 e6 3. Nc3 Bb4 4. e3 O-O 5. Nge2 d5 6. a3 Be7 7. cxd5 Nxd5 8.
Bd2 Nd7 9. g3 N5f6 (9... Nxc3 10. Bxc3 c5 11. Bg2 cxd4 (11... Nf6 12. Qc2 Qc7
13. Rc1 Rb8 14. dxc5 Qxc5 15. Bd4 Qa5+ 16. Qc3 Qa6 17. Be5 Ra8 18. Qc4 Qxc4 19.
Rxc4 Nd7 20. Bc7 Bf6 21. Rc2 Nb6 {0-1 Zayac,E-Lomineishvili,M/Istanbul 2003/ 
(59)}) 12. Qxd4 Bf6 13. Qd6 Nb6 14. Qxd8 Bxc3+ 15. Nxc3 Rxd8 16. a4 Rb8 17. Ke2
Bd7 18. a5 Nc4 19. b3 Ne5 20. f4 Bc6 21. Be4 Bxe4 22. Nxe4 Nc6 {1/2-1/2 Volkov,
S-Sakaev,K/New Delhi/Teheran 2000/ (29)}) (9... b6 10. Nxd5 exd5 11. Bg2 Nf6
12. O-O Ne4 13. Rc1 Bb7 14. Qc2 Rc8 15. Rfd1 Bd6 16. Bb4 Qf6 17. Nc3 Nxc3 18.
Qxc3 c6 19. Bxd6 Qxd6 20. b4 Rc7 21. a4 Bc8 22. a5 {1-0 Ponomariov,R-Kramnik,V/
Wijk aan Zee 2003/ (38)}) 10. Bg2 e5 {The fight against white's center is
comandable, black should equalize without too many problems.} (10... c5 11. O-O
cxd4 12. exd4 Nb6 13. Bf4 Nfd5 14. Qd3 Bd7 15. Nxd5 Nxd5 16. Bxd5 exd5 {
1/2-1/2 Kovacevic,B-Palac,M/Nova Gorica 2002/ (16)}) 11. O-O c6 (11... exd4 $5
12. Nxd4 (12. exd4 Re8 13. Qc2 Nb6 14. Be3 c6 $11) 12... Ne5 13. b4 (13. Qc2 c5
14. Nf3 Qd3 15. Rac1 $11) (13. Ne4 c5 14. Nxf6+ Bxf6 15. Nb5 Bg4 16. f3 Be6 $17
) 13... c5 14. bxc5 Bxc5 15. Qa4 Qe7 $13) 12. Qc2 exd4 13. Nxd4 Nb6 (13... Ne5
14. Rad1 Re8 (14... c5 15. Nf5 $14) 15. Ne4 Nd5 $13) 14. Rad1 Bc5 $2 {[%mdl
16384] From strategic point of view very dubious solution, that leads to the
critical weakening of the dark squares in the black's camp.} (14... Re8 15.
Nce2 Bd7 $13) 15. Ne4 Bxd4 16. Bb4 $1 (16. Bc3 Bf5 17. Bxd4 Nxe4 18. Bxe4 Bxe4
19. Qxe4 Qc8 $14) 16... Re8 (16... Nfd5 17. Bxf8 Nxe3 18. fxe3 Bxe3+ 19. Kh1
Qxf8 20. Nd6 $16) 17. Rxd4 Nbd5 (17... Nfd5 18. Nd6 Re5 19. Bc5 Nd7 20. Bxa7
Rxa7 21. Bxd5 Rxd5 22. Rxd5 cxd5 23. Qxc8 Qxc8 24. Nxc8 $18) 18. Nd6 Re5 (18...
Re6 $2 19. Nxc8 Qxc8 20. Bh3 $16) 19. Nc4 Re8 20. Qc1 {By now Malakhov has
probably felt the chance to promptly decide the game with the original
combination.} Qc7 (20... Bg4 21. e4 Be2 22. exd5 Bxf1 23. Qxf1 $16) 21. Bd6 Qd7
(21... Qd8 22. a4 $1 (22. b3 b5 $1 23. Bc5 bxc4 24. bxc4 Ba6 25. Rfd1 Rc8 $13)
22... Bf5 (22... b5 23. axb5 cxb5 24. Be5 bxc4 25. Bxf6 Qxf6 26. Bxd5 $18) 23.
Rfd1 Qd7 24. Ba3 $16) 22. e4 Nb6 (22... b5 23. exd5 cxd5 24. Be5 bxc4 25. Bxf6
gxf6 26. Rxd5 $18) (22... Nxe4 23. Bxe4 b5 24. Na5 $1 Qxd6 25. Qxc6 Qxc6 26.
Nxc6 Nf6 27. Ne7+ $18) 23. Bc5 Qc7 (23... Qe6 24. Bxb6 axb6 25. Nxb6 Ra6 26.
Qc5 Nd7 27. Nxd7 Bxd7 28. Rfd1 b6 29. Qc3 $17) 24. Nd6 Rd8 (24... Re6 25. Nf5
Nbd7 26. Rfd1 $16) (24... Re5 25. f4 $16) 25. Nb5 $1 {Spirited tactics with
the motive of the weak basic rank, black is fiercely punished for the weakness
of the dark squares.} cxb5 26. Qf4 (26. Qf4 Rxd4 (26... Qxf4 27. Rxd8+ Ne8 28.
Rxe8#) 27. Qxc7 Rd7 28. Qe5 Nc4 29. Qc3 $18) 1-0

[Event "Bundesliga 0405"]
[Site "Germany"]
[Date "2005.01.29"]
[Round "8.4"]
[White "Graf, Alexander"]
[Black "Hoffmann, Michael"]
[Result "1-0"]
[WhiteElo "2646"]
[BlackElo "2468"]
[Annotator "Ftacnik,L"]
[PlyCount "41"]
[EventDate "2004.11.12"]
[EventType "team-tourn"]
[EventRounds "15"]
[EventCountry "GER"]
[SourceTitle "CBM 106"]
[Source "ChessBase"]
[SourceDate "2005.06.06"]
[SourceVersion "1"]
[SourceVersionDate "2005.06.06"]
[SourceQuality "1"]
[WhiteTeam "Porz"]
[BlackTeam "Solingen"]
[WhiteTeamCountry "GER"]
[BlackTeamCountry "GER"]

1. d4 Nf6 2. c4 e6 3. Nc3 Bb4 4. e3 O-O 5. Nge2 d5 6. a3 Bd6 7. Ng3 c5 8. dxc5
Bxc5 9. b4 Be7 10. cxd5 Nxd5 11. Nxd5 exd5 12. Bd3 Bf6 13. Rb1 Nc6 14. O-O Be6
$2 {Hoffmann plays a general developing move, but it is not good enough. White
is surprizingly well prepared to begin with an attack.} (14... Ne5 15. f4 Nxd3
16. Qxd3 b6 17. f5 Bb7 18. Bb2 Re8 19. Bd4 Rc8 20. Rbc1 Bxd4 21. Qxd4 Rc4 22.
Rxc4 dxc4 23. Qxc4 Rxe3 {0-1 Salazar,C-Ramos,E/Peru 2000/ (72)}) 15. Nh5 $1 Be5
16. b5 Na5 (16... Ne7 17. f4 Bc3 18. Qc2 Rc8 19. Bxh7+ Kh8 20. Bd3 Bg4 21. Ng3
Qb6 22. Qf2 $14) 17. f4 Bc7 (17... Bc3 18. f5 (18. Qc2 Rc8 19. Bxh7+ Kh8 20.
Bb2 Qb6 21. Rbe1 d4 $15) 18... Bd7 19. Nf4 $16) 18. f5 Qd6 (18... Bc8 19. Qg4
Be5 20. Bb2 Qb6 21. Rf3 Bxb2 22. Rxb2 Qg6 23. Qh4 Qh6 24. Rg3 $18) 19. Qg4 $1 {
[%mdl 128] The key move of the game, Graf is not afraid of one check. White
has mating attack and also the queen on h2 will be trapped.} Qxh2+ 20. Kf2 Be5
(20... g6 21. Nf6+ Kh8 22. Bb2 Nc4 23. Bxc4 Bxf5 24. Qg5 Qg3+ 25. Qxg3 Bxg3+
26. Kxg3 dxc4 27. Rh1 $18) 21. Bd2 (21. Bd2 Nc4 22. Rh1 Qxh1 23. Rxh1 Nxd2 24.
Nxg7 Bxg7 25. Rxh7 $1 $18) 1-0

[Event "Interzonal-15"]
[Site "Manila"]
[Date "1990.??.??"]
[Round "6"]
[White "Gurevich, Mikhail"]
[Black "Agdestein, Simen"]
[Result "1-0"]
[WhiteElo "2640"]
[BlackElo "2600"]
[Annotator "Ftacnik,L"]
[PlyCount "101"]
[EventDate "1990.06.29"]
[EventType "swiss"]
[EventRounds "13"]
[EventCountry "PHI"]
[SourceTitle "CBM 019"]
[Source "ChessBase"]
[SourceDate "1990.12.01"]
[SourceVersion "1"]
[SourceVersionDate "1990.12.01"]
[SourceQuality "1"]

1. d4 Nf6 2. c4 e6 3. Nc3 Bb4 4. e3 O-O 5. Nge2 d5 6. a3 Be7 7. cxd5 Nxd5 8.
Qc2 Nd7 9. e4 Nxc3 10. Nxc3 c5 $5 (10... e5 11. dxe5 Nxe5 12. Be2 $14) 11. d5
Ne5 12. Be2 (12. f4 Bh4+ 13. g3 Nf3+ 14. Kf2 Nd4 15. Qd1 Be7 $13) 12... exd5
13. Nxd5 (13. exd5 Bd6 14. O-O $13) 13... Bd6 14. Be3 b6 15. O-O-O (15. O-O Qh4
$5 $132) 15... Ng4 (15... Nc6 16. f4 $14) 16. f4 (16. Bxg4 Bxg4 17. f3 Be6 $13)
16... f6 (16... Nxe3 $6 17. Nxe3 Qc7 (17... Bxf4 $2 18. Rxd8 Bxe3+ 19. Rd2 $18)
18. e5 Be7 19. Nd5 Qb7 20. Bf3 $18) 17. Bg1 Kh8 18. h3 Nh6 19. Be3 Bb7 20. Rd2
Qe8 21. Rhd1 Rd8 (21... Nf5 $2 22. exf5 Bxd5 23. Qc3 $18) 22. g4 Nf7 23. Nc3 $1
Qe7 24. Bc4 Bb8 25. Bd5 Nd6 26. Bxb7 Nxb7 27. Rxd8 Rxd8 28. Rxd8+ (28. Qa4 Nd6
29. Qc6 Re8 $5) 28... Qxd8 29. Qd2 $1 Kg8 (29... Qe8 30. Qd5 $16) 30. Qxd8+
Nxd8 31. Kd2 Kf7 32. Kd3 Ne6 33. Nd5 g5 $6 (33... Ke8 34. Kc4 Kd7 35. b4 cxb4
36. axb4 $16) 34. f5 Nd8 (34... Nf4+ 35. Bxf4 gxf4 36. a4 $16) 35. Kc4 Nb7 36.
Nc3 Be5 37. Kd5 Ke7 38. Nd1 h6 (38... Kd7 39. Bxg5 Bxb2 40. Nxb2 fxg5 41. Nd3
$18) 39. b3 Nd6 40. Nf2 Kd7 41. Nd3 Ba1 42. a4 Nf7 (42... Ne8 43. e5 Nc7+ 44.
Ke4 $18) 43. Bf2 Nd8 44. Bg3 Nc6 45. e5 fxe5 46. Bxe5 Bd4 47. Bxd4 Nxd4 (47...
cxd4 48. b4 a6 49. f6 $18) 48. b4 Ne2 49. bxc5 Nc3+ 50. Kc4 Ne4 (50... Nxa4 51.
Kb4 Nxc5 52. Nxc5+ bxc5+ 53. Kxc5 $18) 51. Kd4 1-0

[Event "Dortmund-A"]
[Site "Dortmund"]
[Date "1991.??.??"]
[Round "6"]
[White "Chernin, Alexander"]
[Black "Georgiev, Kiril"]
[Result "1-0"]
[WhiteElo "2610"]
[BlackElo "2585"]
[Annotator "Ftacnik,L"]
[PlyCount "113"]
[EventDate "1991.03.23"]
[EventType "tourn"]
[EventRounds "9"]
[EventCountry "GER"]
[EventCategory "12"]
[SourceTitle "CBM 023"]
[Source "ChessBase"]
[SourceDate "1991.08.01"]
[SourceVersion "1"]
[SourceVersionDate "1991.08.01"]
[SourceQuality "1"]

1. d4 Nf6 2. c4 e6 3. Nc3 Bb4 4. e3 O-O 5. Nge2 d5 6. a3 Be7 7. Nf4 c6 8. b3
Nbd7 9. Bd3 dxc4 10. bxc4 $1 e5 11. Nfe2 exd4 12. exd4 Re8 13. O-O Nf8 14. h3
Bd6 15. Qc2 Bc7 16. Rd1 Ng6 17. Rb1 Qd6 (17... b6 $5) 18. Ng3 $1 Qxd4 19. Bxg6
Bxg3 20. Ne4 $1 (20. Rxd4 $2 Re1#) 20... Rxe4 (20... Qe5 21. Nxf6+ Qxf6 22.
Bxh7+ Kh8 23. fxg3 $22 g6 24. Bb2 $18) 21. Bxe4 Qxf2+ (21... Qxe4 $2 22. Qxe4
Nxe4 23. Rd8#) 22. Qxf2 Bxf2+ 23. Kxf2 Nxe4+ 24. Kf3 f5 25. Rd8+ Kf7 26. Be3 b6
27. Rbd1 $16 c5 28. Kf4 Nf6 29. Bc1 Kg6 30. Bb2 Nh5+ 31. Ke3 Kg5 32. Kf2 g6 33.
Rf8 $1 Bb7 (33... f4 34. Rdd8 $18) 34. Rxa8 Bxa8 35. Rd7 a5 36. g3 $1 (36. Rxh7
Nf6) 36... f4 37. gxf4+ Kxf4 (37... Nxf4 38. Bc1 $18) 38. Rd6 Ng3 39. Rf6+ Nf5
40. Rxb6 Ke4 41. Ra6 Bb7 42. Rxa5 Ne3 43. Rxc5 $1 Nd1+ 44. Kg3 Nxb2 45. Rb5
Nxc4 46. Rxb7 Nxa3 47. Kg4 (47. Rxh7 $22 Kf5 48. Rc7) 47... h6 48. Re7+ Kd5 49.
Kf4 Nc4 50. Re8 Nb2 (50... Nd6 51. Re5+ Kd4 52. Re6 g5+ 53. Kg4 Nf7 54. Rf6
Ne5+ 55. Kh5 Nd3 56. Rxh6 Nf4+ 57. Kxg5 $18) 51. Rd8+ Ke6 52. Rd4 $1 Kf6 53.
Ke4 h5 54. Ke3 Ke5 55. h4 $1 g5 56. hxg5 h4 57. Rxh4 {Ftacnik,L} (57. Rxh4 Nd1+
58. Kf3 Kf5 59. Rc4 Kxg5 60. Ke2 Nb2 61. Rb4 $18) 1-0

[Event "Parnu-B"]
[Site "Parnu"]
[Date "1996.02.05"]
[Round "4"]
[White "Gyimesi, Zoltan"]
[Black "Epishin, Vladimir"]
[Result "1-0"]
[WhiteElo "2545"]
[BlackElo "2645"]
[Annotator "Gagarin,V"]
[PlyCount "89"]
[EventDate "1996.02.??"]
[EventType "tourn"]
[EventRounds "9"]
[EventCountry "EST"]
[EventCategory "10"]
[SourceTitle "CBM 052"]
[Source "ChessBase"]
[SourceDate "1996.06.01"]
[SourceVersion "1"]
[SourceVersionDate "1996.06.01"]
[SourceQuality "1"]

1. d4 Nf6 2. c4 e6 3. Nc3 Bb4 4. e3 O-O 5. Nge2 d5 6. a3 Be7 7. cxd5 exd5 8. g3
c6 9. Bg2 Na6 (9... Re8) (9... a5) 10. O-O Nc7 11. f3 $5 {N/} (11. h3 a6 12. a4
$6 a5 13. b3 Na6 14. g4 Ne8 15. Ng3 Nd6 16. Nce2 Nb4 17. Ba3 f5 $15 {Torre,
E-Larsen,B/Bugojno/1984/0,5/48/}) (11. b4 Re8 12. f3 a5 13. Rb1 axb4 14. axb4
Be6 15. Qc2 Qd7 16. g4 h5 17. h3 $14 {Christiansen,L-Kavalek,L/Los Angeles (m/
1)/1987/1:0/47/}) (11. Nf4 a6 $5 12. Bd2 $5 {Larsen/} (12. b4 Nb5 13. Nxb5 $6
axb5 14. Bb2 Bf5 15. f3 Bd6 16. Re1 Re8 17. g4 Bg6 18. Nxg6 hxg6 $17 {Ramayrat,
C-Larsen,B/New York/1986/0:1/30/})) 11... c5 12. Bd2 (12. dxc5 $5 Bxc5 13. b4
Bd6 (13... Bb6 14. Na4 $14) 14. Qd3 $14 {/\ Bb2/}) 12... b6 13. Be1 Re8 14. Qd2
Ba6 15. Bf2 cxd4 16. exd4 (16. Qxd4 $2 Bc5 17. Qd2 Qe7 18. Nd1 d4 $1 19. e4
Rad8 $15) 16... Bd6 17. Rfe1 h6 $6 (17... Qd7 $5 18. Nf4 Bc4 19. Rac1 (19. Bh3
Bxf4 $1 (19... Qc6 20. Nd3 $14 {/\ Ne5/}) 20. Qxf4 Qxh3 21. Qxc7 Qd7 $10) 19...
Rxe1+ 20. Rxe1 Re8 $10) 18. Nf4 $14 Qd7 19. Be3 $1 (19. Bh3 $6 Bxf4 $1 (19...
Qc6 20. Nd3 $14 {/\ Ne5/}) 20. Qxf4 Qxh3 21. Qxc7 Rxe1+ 22. Rxe1 Re8 $1 23. Rc1
Ra8 $1 $10) 19... Re7 (19... Qf5 20. Bh3 Qh7 21. Ng2 $14 {>< Qh7/}) 20. Bh3 Qc6
21. Rac1 Qb7 (21... Bc4 $5 22. b3 (22. Ng2 Ne6 23. Nh4 Rc7 24. Nf5 Bf8 {
/\ Rac8/} 25. Bxh6 $5 gxh6 26. Nxh6+ Bxh6 27. Qxh6 Nxd4 28. Qg5+ Kf8 29. Qh6+
Kg8 $10) 22... Bxb3 23. Ncxd5 Bxd5 24. Rxc6 Bxc6 25. Kf2 $1 (25. Bg2 Rae8 26.
Qc1 (26. Bf2 $2 Rxe1+ 27. Bxe1 Nb5 28. a4 Bxf4 29. gxf4 Nxd4 $15) 26... Bb5 27.
Bd2 Rxe1+ 28. Bxe1 Bxf4 29. gxf4 Ncd5 $44) 25... Rae8 {/\ Bf4/} 26. Ng2 $1 Ncd5
27. Qc2 Rc7 28. Qb3 Rce7 29. Bd2 $14) (21... Qe8 22. Bf2 $14) 22. Ng2 h5 $2 (
22... Ne6 23. Nh4 Rc7 24. Nf5 Bf8 {/\ Rac8/} 25. Bxh6 $5 gxh6 26. Nxh6+ Kh8 (
26... Bxh6 $2 27. Qxh6 Nh7 28. Bxe6 fxe6 29. Qxe6+ $16 {/\ Nd5/}) 27. Nxf7+
Rxf7 28. Bxe6 Rh7 $14 {/\ Bg7/}) 23. Nh4 $16 g6 (23... Rae8 24. Nf5 Re6 25.
Nxd6 Rxd6 26. Bf4 $16 {/\ Be5/}) 24. Bg5 Rxe1+ 25. Rxe1 Nh7 (25... Nfe8 $5 $16)
26. Be7 $1 Bxe7 27. Rxe7 Re8 28. Qe3 $1 (28. Nxd5 $2 Qxd5 29. Rxc7 Ng5 30. Bg2
Re2 31. Qc3 Qe6 $40) 28... Rxe7 29. Qxe7 Qc6 $2 (29... Nf8 30. f4 Nce6 31. Qb4
$1 $16 {/\ f5/}) 30. f4 $1 Nf8 31. Nf3 $1 f6 32. f5 g5 $2 (32... gxf5 33. Nh4
Qe6 34. Nxf5 $16) 33. Nxg5 $1 $18 Qe8 (33... fxg5 34. f6 Nce6 35. Bxe6+ Nxe6
36. f7+ Kh8 37. Qe8+ $18) 34. Qxe8 $2 (34. Nxd5 $1 Qxe7 35. Nxe7+ Kg7 36. Ne6+
$18) 34... Nxe8 35. Ne6 Nxe6 36. fxe6 Nc7 37. e7 Kf7 38. Nxd5 Nxd5 39. Be6+
Kxe7 40. Bxd5 Bd3 41. Kf2 Kd6 $2 (41... Bg6 $142 42. Ke3 Kd6 43. Bf3 a5) 42.
Bf7 h4 43. gxh4 Ke7 44. Ke3 Bc2 45. Bd5 1-0